000 00308nam a22001337a 4500
020 _a0 333 22095 1
082 _a968.06JOH
100 _aJohnson, r. w
245 _aHow long will South Africa survive?Lon
260 _aLondon
_c1977
300 _av, 327p.
_bill., 21cm
650 _aThe crisis
942 _cBK
999 _c18798
_d18798